[Event "Loire jeunes 2013 - Benjamins"]
[Site "Roanne"]
[Date "2013.10.19"]
[Round "1.1"]
[White "Leonarski, Malik"]
[Black "Thizy, Nicolas"]
[Result "0-1"]
[WhiteElo "1199"]
[BlackElo "1440"]
[PlyCount "110"]
[EventDate "2013.??.??"]

1. e4 e5 2. Nf3 Nc6 3. Nc3 Nf6 4. Bc4 Bc5 5. O-O h6 6. d3 d6 7. h3 Qe7 8. b4
Bxb4 9. Nd5 Nxd5 10. Bxd5 Bd7 11. c4 O-O 12. d4 Rab8 13. Rb1 Bc3 14. Bb2 exd4
15. Nxd4 Bxd4 16. Bxd4 Nxd4 17. Qxd4 c5 18. Qb2 b6 19. Rfe1 Qg5 20. e5 Bxh3 21.
g3 dxe5 22. Rxe5 Qf6 23. Rh5 Qxb2 24. Rxb2 Be6 25. Rd2 Rfd8 26. Kh2 Bxd5 27.
cxd5 Rb7 28. d6 Rbd7 29. Rhd5 f6 30. g4 Kf7 31. f3 Ke6 32. Kg3 Rxd6 33. Rxd6+
Rxd6 34. Rxd6+ Kxd6 35. Kf2 Kd5 36. Ke3 c4 37. Kd2 b5 38. Kc3 a6 39. f4 Ke4 40.
f5 Kf4 41. a3 Kxg4 42. Kb4 Kxf5 43. a4 bxa4 44. Kxc4 h5 45. Kb4 h4 46. Kxa4 h3
47. Ka5 h2 48. Kxa6 h1=Q 49. Kb5 Qc1 50. Kb4 Ke4 51. Kb5 Kd5 52. Kb4 Qc4+ 53.
Ka5 Qb3 54. Ka6 Kc6 55. Ka7 Qb7# 0-1

[Event "Loire jeunes 2013 - Benjamins"]
[Site "Roanne"]
[Date "2013.10.19"]
[Round "1.2"]
[White "Avetikyan, Samuel"]
[Black "Palais, Alexis"]
[Result "1-0"]
[WhiteElo "1230"]
[BlackElo "1199"]
[PlyCount "45"]
[EventDate "2013.??.??"]

1. e4 e5 2. Nf3 Nc6 3. Nc3 Nf6 4. Bc4 Nd4 5. Nxd4 exd4 6. Nd5 Nxe4 7. O-O c6 8.
d3 cxd5 9. Bxd5 Nf6 10. Bg5 Qa5 11. Qe2+ Be7 12. Bxf6 gxf6 13. Rfe1 Qd8 14.
Bxf7+ Kxf7 15. Qh5+ Kf8 16. Qh6+ Kf7 17. Re4 d5 18. Rxd4 Bc5 19. Rf4 Bf8 20.
Qh5+ Kg7 21. Rf3 Bd7 22. Rg3+ Bg4 23. Rxg4# 1-0

[Event "Loire jeunes 2013 - Benjamins"]
[Site "Roanne"]
[Date "2013.10.19"]
[Round "1.3"]
[White "Poyet, Louis"]
[Black "Lempereur, Theo"]
[Result "0-1"]
[WhiteElo "1190"]
[BlackElo "1220"]
[PlyCount "64"]
[EventDate "2013.??.??"]

1. e4 e5 2. Nf3 Nc6 3. Bc4 Nf6 4. d3 Bb4+ 5. Bd2 d6 6. Bxb4 Nxb4 7. c3 Nc6 8.
h3 O-O 9. Nbd2 Qe7 10. O-O Be6 11. Re1 Bxc4 12. Nxc4 a6 13. Ne3 g6 14. Nh4 Qe6
15. Rf1 Nh5 16. Ng4 Kh8 17. d4 Rad8 18. Qd2 f5 19. exf5 gxf5 20. Nh6 f4 21. Ng4
Rg8 22. f3 Qe7 23. Rae1 Qxh4 24. Qc2 Ng3 25. Rf2 Qg5 26. c4 Nxd4 27. Qd3 h5 28.
Nh2 Ngf5 29. Rd1 Rg7 30. Rdd2 Nh4 31. Qf1 Ndf5 32. Kh1 Ng3+ 0-1

[Event "Loire jeunes 2013 - Benjamins"]
[Site "Roanne"]
[Date "2013.10.19"]
[Round "1.4"]
[White "Dupin, Sylvio"]
[Black "Labrosse, Enzo"]
[Result "0-1"]
[WhiteElo "1199"]
[BlackElo "1130"]
[PlyCount "52"]
[EventDate "2013.??.??"]

1. e4 d5 2. Nc3 Nf6 3. f3 e6 4. d4 Bb4 5. e5 Bxc3+ 6. bxc3 Nfd7 7. Bb5 c6 8.
Bd3 O-O 9. Nh3 b6 10. c4 Ba6 11. Bg5 f6 12. Bh4 dxc4 13. Be4 Qc7 14. O-O fxe5
15. dxe5 Nxe5 16. f4 c3 17. fxe5 Bxf1 18. Qg4 Qxe5 19. Be7 Rf7 20. Nf2 Rxe7 21.
Kxf1 Qxh2 22. Rd1 Na6 23. Bxc6 Rf8 24. Qg5 Ref7 25. Be4 Rxf2+ 26. Ke1 Qg1# 0-1

[Event "Loire jeunes 2013 - Benjamins"]
[Site "Roanne"]
[Date "2013.10.19"]
[Round "1.5"]
[White "Perrin, Theo"]
[Black "Fillion, Timothee"]
[Result "1-0"]
[WhiteElo "1100"]
[BlackElo "1199"]
[PlyCount "33"]
[EventDate "2013.??.??"]

1. e4 e5 2. Nf3 Nc6 3. Nc3 Nf6 4. d3 Bb4 5. a3 Ba5 6. b4 Bb6 7. Be3 Bd4 8. Qd2
d6 9. g3 Bg4 10. Bg2 O-O 11. O-O h6 12. b5 Na5 13. Nd5 Nxd5 14. c3 Bxc3 15. Qd1
Bxa1 16. Qxa1 c6 17. exd5 1-0

[Event "Loire jeunes 2013 - Benjamins"]
[Site "Roanne"]
[Date "2013.10.19"]
[Round "2.1"]
[White "Thizy, Nicolas"]
[Black "Perrin, Theo"]
[Result "1-0"]
[WhiteElo "1440"]
[BlackElo "1100"]
[PlyCount "47"]
[EventDate "2013.??.??"]

1. e4 e6 2. Nc3 d5 3. exd5 exd5 4. d4 Nf6 5. Nf3 g6 6. Bd3 Bg7 7. Qe2+ Be6 8.
O-O O-O 9. Bf4 Nc6 10. Nb5 Re8 11. Nxc7 Bg4 12. Nxe8 Qxe8 13. Qxe8+ Rxe8 14. c3
Nh5 15. Bg3 Ne7 16. Rfe1 Bf8 17. Bd6 Bxf3 18. gxf3 b5 19. Bxb5 Ng7 20. Bxe8
Nxe8 21. Bxe7 Bg7 22. Bc5 Bf6 23. Rxe8+ Kg7 24. Bf8+ 1-0

[Event "Loire jeunes 2013 - Benjamins"]
[Site "Roanne"]
[Date "2013.10.19"]
[Round "2.2"]
[White "Labrosse, Enzo"]
[Black "Avetikyan, Samuel"]
[Result "0-1"]
[WhiteElo "1130"]
[BlackElo "1230"]
[PlyCount "87"]
[EventDate "2013.??.??"]

1. e4 e5 2. Nf3 Nc6 3. Nc3 Nf6 4. Bc4 Bc5 5. O-O O-O 6. d3 h6 7. Nd5 d6 8.
Nxf6+ Qxf6 9. Qe1 Nd4 10. Nxd4 Bxd4 11. Be3 Bxb2 12. Rb1 Bd4 13. Bxd4 exd4 14.
Bd5 c6 15. Bc4 Re8 16. f4 d5 17. e5 Qf5 18. Bb3 Bd7 19. Ba4 b5 20. Bb3 a5 21.
a3 c5 22. Bxd5 Ra7 23. c4 bxc4 24. dxc4 Be6 25. Rb7 Rxb7 26. Bxb7 Bxc4 27. Qxa5
Bxf1 28. Kxf1 Qd3+ 29. Ke1 Qe3+ 30. Kd1 Qxf4 31. Qxc5 Rxe5 32. Qc2 Qf1+ 33. Kd2
Re2+ 34. Kd3 Rxc2+ 35. Kxc2 Qc4+ 36. Kd2 Qa2+ 37. Kd3 Qxa3+ 38. Kxd4 Qa7+ 39.
Ke4 Qxb7+ 40. Kf4 Qxg2 41. h4 Qh3 42. Ke4 Qxh4+ 43. Kd5 g5 44. Kc5 0-1

[Event "Loire jeunes 2013 - Benjamins"]
[Site "Roanne"]
[Date "2013.10.19"]
[Round "2.4"]
[White "Palais, Alexis"]
[Black "Dupin, Sylvio"]
[Result "1-0"]
[WhiteElo "1199"]
[BlackElo "1199"]
[PlyCount "45"]
[EventDate "2013.??.??"]

1. e4 c5 2. Nc3 d6 3. Nf3 g6 4. Bb5+ Bd7 5. O-O Bg7 6. e5 Bxb5 7. Nxb5 Nc6 8.
Re1 dxe5 9. d4 exd4 10. Bf4 e5 11. Bxe5 Bf6 12. Bxf6+ Nge7 13. Bxh8 a6 14. Bf6
axb5 15. Ne5 Qd5 16. Nxc6 Qxc6 17. Qf3 Qb6 18. Rxe7+ Kf8 19. Qxb7 Qxf6 20.
Qxa8+ Kxe7 21. Re1+ Kd6 22. Qa6+ Kd5 23. Qxf6 1-0

[Event "Loire jeunes 2013 - Benjamins"]
[Site "Roanne"]
[Date "2013.10.19"]
[Round "2.5"]
[White "Fillion, Timothee"]
[Black "Leonarski, Malik"]
[Result "1-0"]
[WhiteElo "1199"]
[BlackElo "1199"]
[PlyCount "73"]
[EventDate "2013.??.??"]

1. e4 e5 2. Bb5 Nf6 3. Nc3 a6 4. Ba4 b5 5. Bb3 Nc6 6. Nf3 d6 7. d3 Nd4 8. Bg5
Nxb3 9. axb3 b4 10. Na4 Bd7 11. Nc3 bxc3 12. bxc3 Rb8 13. O-O d5 14. exd5 Nxd5
15. Bxd8 Rxd8 16. c4 Nc3 17. Qd2 Bb4 18. Rfe1 Nd5 19. Qe2 Nf4 20. Qxe5+ Be6 21.
Qxc7 Bd6 22. Qa5 O-O 23. c3 h6 24. Ng5 Bg4 25. c5 Be7 26. c6 Rfe8 27. c7 Ra8
28. d4 Nd3 29. Re4 Bf5 30. Qxf5 Bxg5 31. Rxe8+ Rxe8 32. c8=Q Rxc8 33. Qxc8+ Kh7
34. Rxa6 Bh4 35. Qg4 Bxf2+ 36. Kf1 f6 37. Qe4+ 1-0

[Event "Loire jeunes 2013 - Benjamins"]
[Site "Roanne"]
[Date "2013.10.19"]
[Round "3.1"]
[White "Avetikyan, Samuel"]
[Black "Thizy, Nicolas"]
[Result "0-1"]
[WhiteElo "1230"]
[BlackElo "1440"]
[PlyCount "110"]
[EventDate "2013.??.??"]

1. e4 e5 2. Nf3 Nc6 3. Nc3 Nf6 4. d4 d6 5. d5 Nb8 6. Bc4 c6 7. O-O h6 8. h3 Qb6
9. Qd2 Nbd7 10. Rd1 Qb4 11. b3 Nc5 12. a3 Qb6 13. b4 Ncxe4 14. Nxe4 Nxe4 15.
Qe2 Nc3 16. Qd2 Nxd1 17. Qxd1 Be7 18. Be3 Qc7 19. Qd3 g6 20. c3 Bf5 21. Qd2 g5
22. Qb2 Be4 23. Ne1 Bxd5 24. Bxd5 cxd5 25. Rd1 Rc8 26. Rd3 O-O 27. Bxa7 b6 28.
Bxb6 Qxb6 29. Rxd5 Qc6 30. Rd3 e4 31. b5 Qc5 32. Rd4 d5 33. Rb4 Qxc3 34. Qxc3
Rxc3 35. Rb1 Rxa3 36. Nc2 Ra4 37. b6 Rb8 38. b7 Ra7 39. Ne3 Raxb7 40. Rxb7 Rxb7
41. Nxd5 Bd6 42. g3 Kg7 43. g4 Rb3 44. Ne3 Bc5 45. Kg2 Bxe3 46. fxe3 Rxe3 47.
Kf2 Rxh3 48. Kg2 Rf3 49. Kh2 Rf4 50. Kg2 e3 51. Kg3 e2 52. Kg2 e1=Q 53. Kh3
Qe3+ 54. Kg2 Rf2+ 55. Kg1 Qe1# 0-1

[Event "Loire jeunes 2013 - Benjamins"]
[Site "Roanne"]
[Date "2013.10.19"]
[Round "3.2"]
[White "Fillion, Timothee"]
[Black "Lempereur, Theo"]
[Result "0-1"]
[WhiteElo "1199"]
[BlackElo "1220"]
[PlyCount "68"]
[EventDate "2013.??.??"]

1. e4 e5 2. Nf3 Nc6 3. Bc4 Nf6 4. Nc3 Bb4 5. a3 Bxc3 6. bxc3 Nxe4 7. d3 Nxc3 8.
Qd2 Na4 9. O-O O-O 10. Nxe5 Nxe5 11. Bb3 Nc5 12. Ba2 d6 13. Qg5 Qxg5 14. Bxg5
Bf5 15. Be7 Rfe8 16. Bxf7+ Kxf7 17. Bh4 Re6 18. h3 Rg6 19. d4 Bxh3 20. dxe5
Rxg2+ 21. Kh1 Rg4 22. f3 Bg2+ 23. Kg1 Bxf1+ 24. Kxf1 Rxh4 25. f4 Rh1+ 26. Kf2
Rxa1 27. e6+ Kxe6 28. Kg3 h5 29. Kh4 Rh1+ 30. Kg5 Rh8 31. f5+ Kf7 32. c3 Ne4+
33. Kf4 Nxc3 34. Ke3 Rf1 0-1

[Event "Loire jeunes 2013 - Benjamins"]
[Site "Roanne"]
[Date "2013.10.19"]
[Round "3.3"]
[White "Perrin, Theo"]
[Black "Palais, Alexis"]
[Result "0-1"]
[WhiteElo "1100"]
[BlackElo "1199"]
[PlyCount "98"]
[EventDate "2013.??.??"]

1. e4 e5 2. Nf3 Nc6 3. Nc3 Nf6 4. Bb5 Bb4 5. O-O Bxc3 6. bxc3 d5 7. Bxc6+ bxc6
8. Ba3 dxe4 9. Nh4 Ba6 10. d3 g5 11. Nf5 exd3 12. Ng7+ Kd7 13. cxd3 Rg8 14. Nf5
Ke6 15. Be7 Qxd3 16. Qc1 Kxf5 17. Re1 Nd5 18. c4 Nxe7 19. Rd1 Qxc4 20. Qb1+ e4
21. a4 Rad8 22. g4+ Kxg4 23. Re1 Rd4 24. Ra3 Kf4 25. Rg3 Nf5 26. Ree3 Nxg3 27.
h3 Qf1+ 28. Qxf1 Nxf1 29. Rc3 e3 30. Rxc6 Rd1 31. Rxa6 Kf3 32. Rf6+ Ke2 33. Kg2
exf2 34. Rxf2+ Ke3 35. Rf3+ Ke4 36. Kf2 g4 37. Re3+ Kd4 38. Ke2 Nxe3 39. hxg4
Rxg4 40. Kf3 c5 41. Ke2 c4 42. a5 c3 43. a6 c2 44. Kf3 c1=Q 45. Kf2 Nd5 46. Kf3
f5 47. Ke2 Rg3 48. Kf2 f4 49. Ke2 Qc2# 0-1

[Event "Loire jeunes 2013 - Benjamins"]
[Site "Roanne"]
[Date "2013.10.19"]
[Round "3.4"]
[White "Malchere, Lenny"]
[Black "Poyet, Louis"]
[Result "0-1"]
[WhiteElo "1050"]
[BlackElo "1190"]
[PlyCount "140"]
[EventDate "2013.??.??"]

1. e4 e5 2. Nc3 Bc5 3. Nf3 Nc6 4. Bc4 d6 5. d3 h6 6. Qe2 Bg4 7. Be3 Bb4 8. a3
Bxc3+ 9. bxc3 Nf6 10. d4 O-O 11. d5 Na5 12. O-O Nxc4 13. Qxc4 a6 14. Nd2 b5 15.
Qc6 Rc8 16. Qxa6 Qd7 17. Rab1 Rb8 18. h3 Bxh3 19. Ba7 Bxg2 20. Kxg2 Qg4+ 21.
Kh2 Qh4+ 22. Kg2 Qg4+ 23. Kh2 Nh5 24. Rg1 Qf4+ 25. Kg2 Qg4+ 26. Kf1 Qh3+ 27.
Ke1 Ra8 28. Rxb5 Qxc3 29. Qb7 Qxa3 30. Be3 Qa1+ 31. Rb1 Qa5 32. Rb5 Qa6 33.
Qxa6 Rxa6 34. Nb3 Rc8 35. Ra5 Rxa5 36. Nxa5 Nf6 37. f3 h5 38. Bh6 g6 39. Bg5
Kg7 40. Bxf6+ Kxf6 41. Ke2 g5 42. Rh1 h4 43. Rg1 Kg6 44. Nc4 Rh8 45. Ne3 Kh5
46. Rg4 h3 47. Kf2 Kg6 48. Kg3 h2 49. Kf2 h1=Q 50. Rg1 Qh2+ 51. Rg2 Qh6 52. Ng4
Qh4+ 53. Kf1 Qh1+ 54. Rg1 Qxf3+ 55. Ke1 f5 56. exf5+ Kxf5 57. Rf1 Kf4 58. Rxf3+
Kxf3 59. Nf6 Rh2 60. Kd1 Ke3 61. Kc1 Kd4 62. Kb2 Rh3 63. Ne8 Kc4 64. Nxc7 e4
65. Ne6 e3 66. Nxg5 Rh2 67. Nf3 Rf2 68. Ne1 e2 69. c3 Rf1 70. Nc2 e1=Q 0-1

[Event "Loire jeunes 2013 - Benjamins"]
[Site "Roanne"]
[Date "2013.10.19"]
[Round "3.5"]
[White "Leonarski, Malik"]
[Black "Labrosse, Enzo"]
[Result "1-0"]
[WhiteElo "1199"]
[BlackElo "1130"]
[PlyCount "105"]
[EventDate "2013.??.??"]

1. d4 d5 2. Nc3 Nf6 3. Bf4 Nc6 4. Nf3 e6 5. e3 Bb4 6. Bb5 Bxc3+ 7. bxc3 O-O 8.
O-O Bd7 9. h3 Ne4 10. c4 dxc4 11. Bxc4 Re8 12. d5 exd5 13. Bxd5 Nc3 14. Ng5
Nxd1 15. Bxf7+ Kh8 16. Bb3 Nc3 17. Nf7+ Kg8 18. Nxd8+ Kf8 19. Nxc6 Bxc6 20.
Bxc7 Bb5 21. Bd6+ Re7 22. Bxe7+ Kxe7 23. Rfe1 Rd8 24. a4 Bc6 25. a5 Bd5 26.
Bxd5 Nxd5 27. Red1 Ke6 28. a6 Rb8 29. Rab1 Nc3 30. Rdc1 Nxb1 31. Rxb1 b6 32. h4
Kf6 33. h5 Kg5 34. g4 Kxg4 35. h6 gxh6 36. Kg2 h5 37. f3+ Kf5 38. Kg3 Rg8+ 39.
Kf2 h4 40. e4+ Kf4 41. Rh1 Kg5 42. Rg1+ Kh5 43. Rxg8 h3 44. Kg3 h2 45. Kxh2 b5
46. Kg3 b4 47. Kf4 Kh4 48. e5 h5 49. e6 Kh3 50. e7 h4 51. e8=Q Kh2 52. Qe1 h3
53. Qg1# 1-0

[Event "Loire jeunes 2013 - Benjamins"]
[Site "Roanne"]
[Date "2013.10.20"]
[Round "4.1"]
[White "Thizy, Nicolas"]
[Black "Lempereur, Theo"]
[Result "1-0"]
[WhiteElo "1440"]
[BlackElo "1220"]
[PlyCount "65"]
[EventDate "2013.??.??"]

1. e4 e5 2. Nf3 Nc6 3. d4 f6 4. Bb5 Bd6 5. Nc3 Bb4 6. O-O Nge7 7. Nd5 a6 8.
Bxc6 dxc6 9. Nxb4 b6 10. dxe5 Bd7 11. exf6 gxf6 12. e5 O-O 13. exf6 Rxf6 14.
Bg5 Rd6 15. Qe2 Re6 16. Qd3 Qe8 17. Bf4 a5 18. Ng5 Rh6 19. Qb3+ Be6 20. Nxe6
Nd5 21. Nxc7 a4 22. Qxd5+ cxd5 23. Nxe8 Rh4 24. g3 Rg4 25. Nf6+ Kf7 26. Nxg4
Ke6 27. Rfe1+ Kf5 28. Nh6+ Kg6 29. Nxd5 a3 30. b3 Rf8 31. Ne7+ Kh5 32. Re5+ Rf5
33. Rxf5# 1-0

[Event "Loire jeunes 2013 - Benjamins"]
[Site "Roanne"]
[Date "2013.10.20"]
[Round "4.2"]
[White "Poyet, Louis"]
[Black "Avetikyan, Samuel"]
[Result "1/2-1/2"]
[WhiteElo "1190"]
[BlackElo "1230"]
[PlyCount "120"]
[EventDate "2013.??.??"]

1. e4 e5 2. Nf3 Nc6 3. Bc4 Bc5 4. O-O h6 5. d3 Nf6 6. Be3 Nd4 7. c3 Nxf3+ 8.
Qxf3 Bxe3 9. Qxe3 d5 10. exd5 Nxd5 11. Qxe5+ Be6 12. Re1 O-O 13. Bxd5 Bxd5 14.
c4 Re8 15. Qxe8+ Qxe8 16. Rxe8+ Rxe8 17. Nc3 Bc6 18. h3 g5 19. b3 Kg7 20. f3
Kg6 21. Kf2 f5 22. g3 h5 23. h4 f4 24. hxg5 Kxg5 25. gxf4+ Kxf4 26. Nd5+ Bxd5
27. cxd5 Re3 28. Re1 Rxf3+ 29. Kg2 Rxd3 30. Rf1+ Kg4 31. Rf7 h4 32. Rg7+ Kf5
33. Rf7+ Kg6 34. Rxc7 Kg5 35. d6 Rxd6 36. Rxb7 Rd2+ 37. Kh3 Rxa2 38. Rg7+ Kh5
39. Rg4 Ra3 40. Rxh4+ Kg5 41. Rb4 a5 42. Ra4 Rxb3+ 43. Kg2 Rb5 44. Kf3 Kf5 45.
Ke3 Ke5 46. Kd3 Kd5 47. Kc3 Kc5 48. Ra3 Kc6 49. Kc4 Rb4+ 50. Kc3 Kb5 51. Rb3
Rxb3+ 52. Kxb3 a4+ 53. Ka3 Ka5 54. Kb2 Kb4 55. Ka2 a3 56. Kb1 Kb3 57. Ka1 Ka4
58. Ka2 Kb4 59. Kb1 Kb3 60. Ka1 a2 1/2-1/2

[Event "Loire jeunes 2013 - Benjamins"]
[Site "Roanne"]
[Date "2013.10.20"]
[Round "4.3"]
[White "Palais, Alexis"]
[Black "Malchere, Lenny"]
[Result "0-1"]
[WhiteElo "1199"]
[BlackElo "1050"]
[PlyCount "102"]
[EventDate "2013.??.??"]

1. e4 e5 2. Nc3 Nf6 3. Nf3 Nc6 4. Bb5 Bb4 5. Bxc6 bxc6 6. d4 Ba6 7. a3 Bxc3+ 8.
bxc3 Rb8 9. dxe5 Nxe4 10. Bg5 Nxg5 11. e6 Nxe6 12. Rb1 Rxb1 13. Qxb1 O-O 14.
Qb7 Bxb7 15. O-O Ba6 16. Rd1 Qf6 17. Rxd7 Qxc3 18. h4 Be2 19. Re7 Rd8 20. Ng5
f6 21. Nxe6 Qa1+ 22. Kh2 Qe5+ 23. Kh1 Rd6 24. Re8+ Kf7 25. f4 Qe4 26. Ng5+ fxg5
27. Rxe4 Bd1 28. hxg5 Bxc2 29. Rc4 Bd3 30. Rc3 c5 31. Kh2 c4 32. Kg3 h6 33.
gxh6 gxh6 34. Kg4 Be2+ 35. Kf5 h5 36. Ke4 h4 37. Ke3 Rd3+ 38. Rxd3 cxd3 39. Kf2
Kf6 40. Ke3 c5 41. g4 hxg3 42. a4 g2 43. Kf2 g1=Q+ 44. Kxg1 d2 45. Kf2 d1=Q 46.
Ke3 c4 47. Ke4 c3 48. f5 c2 49. a5 Ba6 50. Ke3 c1=R 51. Kf2 Qb3 0-1

[Event "Loire jeunes 2013 - Benjamins"]
[Site "Roanne"]
[Date "2013.10.20"]
[Round "4.5"]
[White "Labrosse, Enzo"]
[Black "Fillion, Timothee"]
[Result "1-0"]
[WhiteElo "1130"]
[BlackElo "1199"]
[PlyCount "47"]
[EventDate "2013.??.??"]

1. e4 e5 2. Nf3 Nc6 3. Nc3 Nf6 4. Bc4 Bc5 5. O-O O-O 6. d3 d6 7. Bg5 Bg4 8. Nd5
Nh5 9. Bxd8 Nd4 10. Bxc7 h6 11. h3 Be6 12. Nxd4 Bd7 13. Qxh5 Bxd4 14. Bxd6 Rfe8
15. Nc7 Bxb2 16. Nxe8 Bxa1 17. Rxa1 Bxe8 18. Rb1 Kh8 19. Bxf7 Bxf7 20. Qxf7 Rd8
21. Qe7 Rc8 22. Qxb7 Rd8 23. Bxe5 Re8 24. Qxg7# 1-0

[Event "Loire jeunes 2013 - Benjamins"]
[Site "Roanne"]
[Date "2013.10.20"]
[Round "5.1"]
[White "Thizy, Nicolas"]
[Black "Poyet, Louis"]
[Result "1-0"]
[WhiteElo "1440"]
[BlackElo "1190"]
[PlyCount "79"]
[EventDate "2013.??.??"]

1. e4 e5 2. Nf3 Nc6 3. d4 exd4 4. Nxd4 Nxd4 5. Qxd4 c5 6. Qe5+ Qe7 7. Qxe7+
Bxe7 8. Nc3 Nf6 9. Nd5 Nxd5 10. exd5 O-O 11. Bd3 d6 12. O-O Bd7 13. Bd2 Rfe8
14. Rfe1 Bf6 15. c3 a5 16. Rab1 a4 17. Bf4 Be7 18. Re2 b5 19. Rbe1 Kf8 20. Rxe7
Ra6 21. Rxe8+ Bxe8 22. b3 a3 23. c4 b4 24. Re3 h6 25. Bh7 Bd7 26. h3 g5 27. Bh2
f5 28. Bxf5 Bxf5 29. Rf3 Kg7 30. Rxf5 Kg6 31. Rf8 Kg7 32. Rd8 Kf7 33. Rxd6 Ra7
34. Re6 Rd7 35. Bd6 h5 36. Bxc5 Rb7 37. g4 h4 38. Kg2 Rb8 39. f4 gxf4 40. Kf3
1-0

[Event "Loire jeunes 2013 - Benjamins"]
[Site "Roanne"]
[Date "2013.10.20"]
[Round "5.2"]
[White "Lempereur, Theo"]
[Black "Avetikyan, Samuel"]
[Result "1-0"]
[WhiteElo "1220"]
[BlackElo "1230"]
[PlyCount "105"]
[EventDate "2013.??.??"]

1. e4 e5 2. Nf3 Nc6 3. Nc3 Nf6 4. Bb5 Bc5 5. Bxc6 bxc6 6. Nxe5 d5 7. d4 Qd6 8.
f3 dxe4 9. Nc4 Qxd4 10. Qxd4 Bxd4 11. fxe4 Bxc3+ 12. bxc3 Nxe4 13. Ba3 c5 14.
O-O-O Nf2 15. Rhe1+ Be6 16. Rd2 Ng4 17. Bxc5 Nxh2 18. Ne5 f6 19. Nc6 Kf7 20. a4
Rhe8 21. Kb2 Bf5 22. Re7+ Rxe7 23. Nxe7 Rb8+ 24. Kc1 Be4 25. Re2 Bg6 26. Nxg6
Kxg6 27. Bxa7 Ra8 28. Bg1 Ng4 29. Re4 f5 30. Rc4 Ne5 31. Rxc7 Rxa4 32. Bd4 Nc4
33. Rxg7+ Kh6 34. Kb1 Nd2+ 35. Kc1 Rxd4 36. cxd4 Kxg7 37. Kxd2 Kf6 38. Ke3 Ke6
39. c4 Kd6 40. Kf4 Ke6 41. d5+ Kf6 42. c5 Ke7 43. Kxf5 Kf7 44. d6 Ke8 45. Ke6
Kd8 46. d7 h5 47. g3 h4 48. gxh4 Kc7 49. Ke7 Kc6 50. d8=Q Kb7 51. Kd6 Ka7 52.
Kc6 Ka6 53. Qb6# 1-0

[Event "Loire jeunes 2013 - Benjamins"]
[Site "Roanne"]
[Date "2013.10.20"]
[Round "5.3"]
[White "Labrosse, Enzo"]
[Black "Palais, Alexis"]
[Result "1-0"]
[WhiteElo "1130"]
[BlackElo "1199"]
[PlyCount "101"]
[EventDate "2013.??.??"]

1. e4 e5 2. Nf3 Nc6 3. Nc3 Nf6 4. Bc4 Bb4 5. O-O Bxc3 6. dxc3 d6 7. Bg5 Bg4 8.
h3 Bxf3 9. Qxf3 O-O 10. Bxf6 Qxf6 11. Qxf6 gxf6 12. Rad1 Na5 13. b3 Rad8 14.
Rd5 c5 15. Rfd1 Nc6 16. Rxd6 a6 17. b4 b5 18. Be2 Kg7 19. Rxc6 Rxd1+ 20. Bxd1
Rd8 21. Be2 Rd2 22. Kf1 Rxc2 23. Rxc5 Rxa2 24. c4 Ra1+ 25. Bd1 Rxd1+ 26. Ke2
Rd4 27. Ke3 Rxc4 28. h4 Rxc5 29. bxc5 b4 30. c6 b3 31. Kd2 Kf8 32. c7 b2 33.
Kc2 Ke7 34. c8=Q Kd6 35. Kxb2 f5 36. Qxf5 a5 37. Qxf7 Kc5 38. Qb7 Kd4 39. Ka3
Kd3 40. Ka4 Ke2 41. Kxa5 Kxf2 42. Qb2+ Kg3 43. Qxe5+ Kxg2 44. Qc3 h5 45. e5 Kf2
46. e6 Ke2 47. e7 Kd1 48. Qb2 Ke1 49. e8=R+ Kf1 50. Re2 Kg1 51. Qb1# 1-0

[Event "Loire jeunes 2013 - Benjamins"]
[Site "Roanne"]
[Date "2013.10.20"]
[Round "5.4"]
[White "Malchere, Lenny"]
[Black "Perrin, Theo"]
[Result "1-0"]
[WhiteElo "1050"]
[BlackElo "1100"]
[PlyCount "23"]
[EventDate "2013.??.??"]

1. e4 e5 2. Nc3 d6 3. Bc4 Nf6 4. Nf3 Nc6 5. d3 Be7 6. O-O O-O 7. Bg5 Bg4 8. h3
Bxf3 9. Qxf3 Nd4 10. Qg3 Nxc2 11. Bh6 Nxa1 12. Qxg7# 1-0